all capitals alphabeticaly with countries - Statistics

General Stats
  • This quiz has been taken 1,573 times
  • The average score is 101 of 200
Answer Stats
country capital note latitude longitude % Correct
United Arab Emirates Abu Dhabi 244.667 543.667
86%
Nigeria Abuja 90.667 74.833
86%
Ghana Accra 55.500 -0.2000
85%
Ethiopia Addis Ababa 90.300 387.400
82%
Netherlands Amsterdam 523.667 49.000
80%
Andorra Andorra la Vella 425.000 15.000
77%
Jordan Amman 319.497 359.328
76%
Algeria Algiers 367.667 32.167
75%
Turkey Ankara 399.333 328.667
72%
Madagascar Antananarivo -189.333 475.167
72%
South Africa Cape Town Legislative -339.253 184.239
72%
Kazakhstan Nur-Sultan 511.667 714.333
72%
Greece Athens 379.667 237.167
71%
Germany Berlin 525.167 133.833
71%
Samoa Apia -138.333 -1.717.500
69%
Switzerland Bern 469.500 74.500
69%
Hungary Budapest 474.925 190.514
69%
Eritrea Asmara 153.333 389.333
68%
Belgium Brussels 508.500 43.500
68%
Romania Bucharest 444.325 261.039
68%
Turkmenistan Ashgabat 379.333 583.667
67%
Paraguay Asunción -252.667 -576.333
67%
Belize Belmopan 172.514 -887.669
67%
South Africa Bloemfontein Judicial -291.167 262.167
67%
Colombia Bogotá 45.981 -740.758
67%
Brazil Brasília -157.939 -478.828
67%
Azerbaijan Baku 403.953 498.822
66%
Croatia Zagreb 458.167 159.833
66%
Thailand Bangkok 137.500 1.004.670
65%
China Beijing 399.167 1.163.830
65%
Argentina Buenos Aires -346.033 -583.817
65%
Brunei Bandar Seri Begawan 48.903 1.149.420
64%
Central African Republic Bangui 43.667 185.833
64%
Serbia Belgrade 448.167 204.667
64%
Iraq Baghdad 333.333 443.833
63%
Mali Bamako 126.500 -80.000
63%
Egypt Cairo 300.500 312.333
63%
Venezuela Caracas 105.000 -669.167
63%
Australia Canberra -353.075 1.491.240
62%
Slovakia Bratislava 481.439 171.097
61%
Saint Lucia Castries 140.167 -609.833
60%
Denmark Copenhagen 556.761 125.683
60%
South Africa Pretoria Executive -257.461 281.881
60%
United States Washington D.C. 389.047 -770.164
60%
Gambia Banjul 134.531 -165.775
59%
Lebanon Beirut 338.869 355.131
58%
United Kingdom London 515.072 -0.1275
58%
Kyrgyzstan Bishkek 428.747 746.122
57%
Ireland Dublin 533.478 -62.597
57%
Bolivia La Paz Seat of government -165.000 -681.500
57%
Poland Warsaw 522.333 210.167
57%
New Zealand Wellington -412.889 1.747.770
57%
Republic of the Congo Brazzaville -42.678 152.919
56%
Moldova Chișinău 470.000 289.167
56%
Syria Damascus 335.131 362.919
56%
Indonesia Jakarta -62.000 1.068.170
56%
Armenia Yerevan 401.833 445.167
56%
East Timor Dili -85.667 1.255.670
55%
Tanzania Dodoma -61.731 357.419
55%
Finland Helsinki 601.708 249.375
55%
Portugal Lisbon 387.139 -91.394
55%
Saint Kitts and Nevis Basseterre 173.000 -627.333
54%
Barbados Bridgetown 131.058 -596.131
54%
Bangladesh Dhaka 237.000 903.667
54%
Qatar Doha 252.867 515.333
54%
Senegal Dakar 146.928 -174.467
53%
Pakistan Islamabad 337.167 730.667
53%
Peru Lima -120.433 -770.283
53%
Togo Lomé 61.319 12.228
53%
Spain Madrid 403.833 -37.167
53%
Benin Porto-Novo Official 64.972 26.050
53%
Liechtenstein Vaduz 471.410 95.210
53%
Vatican City Vatican City 419.000 124.500
53%
Guinea-Bissau Bissau 118.500 -155.667
52%
Guyana Georgetown 68.000 -581.667
52%
Cuba Havana 231.333 -823.833
52%
Israel Jerusalem 317.833 352.167
52%
South Sudan Juba 48.500 316.000
52%
Angola Luanda -88.383 132.344
52%
Luxembourg Luxembourg 496.100 61.333
52%
Trinidad and Tobago Port-of-Spain 106.667 -615.167
52%
Ecuador Quito -0.2333 -785.167
52%
Mongolia Ulaanbaatar 479.200 1.069.200
52%
Lithuania Vilnius 546.833 252.833
52%
Vietnam Hanoi 210.285 1.058.540
51%
Nepal Kathmandu 277.000 853.333
51%
Malawi Lilongwe -139.833 337.833
51%
Zambia Lusaka -154.167 282.833
51%
Mozambique Maputo -259.667 325.833
51%
Haiti Port-au-Prince 185.333 -723.333
51%
Bolivia Sucre Official -190.500 -652.500
51%
Austria Vienna 482.000 163.667
51%
Cameroon Yaoundé 38.667 115.167
51%
Djibouti Djibouti 115.883 431.450
50%
Tajikistan Dushanbe 385.367 687.800
50%
Sierra Leone Freetown 84.844 -132.344
50%
Tuvalu Funafuti -85.000 1.791.830
50%
Rwanda Kigali -19.439 300.594
50%
Nicaragua Managua 121.364 -862.514
50%
Norway Oslo 599.500 107.500
50%
Mauritius Port Louis -201.644 575.041
50%
Malta Valletta 358.978 145.125
50%
Nauru Yaren -0.5477 1.669.210
50%
Guinea Conakry 95.092 -137.122
49%
Maldives Malé 41.753 735.089
49%
Canada Ottawa 454.167 -756.833
49%
France Paris 488.567 23.508
49%
Papua New Guinea Port Moresby -94.785 1.471.480
49%
Vanuatu Port Vila -177.500 1.683.000
49%
Morocco Rabat 340.209 -68.417
49%
Laos Vientiane 179.667 1.026.000
49%
Benin Cotonou Seat of government 63.667 24.333
48%
Mexico Mexico City 194.333 -991.333
48%
Russia Moscow 557.500 376.167
48%
Italy Rome 419.000 125.000
48%
Namibia Windhoek -225.700 170.836
48%
Uganda Kampala 0.3136 325.811
47%
Jamaica Kingston 179.833 -768.000
47%
Saint Vincent and the Grenadines Kingstown 131.578 -612.250
47%
Malaysia Kuala Lumpur 31.333 1.016.830
47%
Bahrain Manama 262.167 505.833
47%
Belarus Minsk 539.000 275.667
47%
Sudan Khartoum 156.333 325.333
46%
Sweden Stockholm 593.294 180.686
46%
Guatemala Guatemala City 146.133 -905.353
45%
Ukraine Kiev 504.500 305.233
45%
Democratic Republic of the Congo Kinshasa -43.250 153.222
45%
Slovenia Ljubljana 460.556 145.083
45%
Panama Panama City 89.833 -795.167
45%
Latvia Riga 569.489 241.064
45%
San Marino San Marino 439.346 124.473
45%
El Salvador San Salvador 136.900 -891.900
45%
Ivory Coast Yamoussoukro 68.167 -52.833
45%
Zimbabwe Harare -178.639 310.297
44%
Equatorial Guinea Malabo 37.500 87.833
44%
Monaco Monaco 437.333 74.167
44%
Montenegro Podgorica 424.413 192.629
44%
Czech Republic Prague 500.833 144.167
44%
Iceland Reykjavík 641.333 -219.333
44%
Costa Rica San José 99.333 -840.833
44%
Chile Santiago -334.500 -706.667
44%
Taiwan Taipei 250.333 1.216.330
44%
Uzbekistan Tashkent 412.667 692.167
44%
Botswana Gaborone -246.581 259.122
43%
Solomon Islands Honiara -94.351 1.599.510
43%
Afghanistan Kabul 345.333 691.667
43%
Marshall Islands Majuro 70.667 1.712.670
43%
Philippines Manila 145.800 1.210.000
43%
Lesotho Maseru -293.100 274.800
43%
Cape Verde Praia 149.180 -235.090
43%
Saudi Arabia Riyadh 246.333 467.167
43%
Japan Tokyo 356.833 1.396.830
43%
Tunisia Tunis 368.000 101.833
43%
Seychelles Victoria -46.167 554.500
43%
Kuwait Kuwait City 293.697 479.783
42%
Burkina Faso Ouagadougou 123.572 -15.353
42%
Kosovo Pristina 426.667 211.667
42%
Gabon Libreville 0.3901 94.544
41%
Uruguay Montevideo -348.836 -561.819
41%
Grenada Saint George's 120.500 -617.500
41%
Swaziland Mbabane -263.167 311.333
40%
Niger Niamey 135.214 21.053
40%
Cambodia Phnom Penh 115.500 1.049.170
40%
South Korea Seoul 375.667 1.269.670
40%
Fiji Suva -181.416 1.784.420
40%
Georgia Tbilisi 417.167 447.833
40%
Iran Tehran 356.961 514.231
40%
Libya Tripoli 329.022 131.858
40%
Bahamas Nassau 250.600 -773.450
39%
Suriname Paramaribo 58.667 -551.667
39%
North Korea Pyongyang 390.194 1.257.380
39%
Dominica Roseau 153.014 -613.883
39%
Antigua and Barbuda Saint John's 171.167 -618.500
39%
Federated States of Micronesia Palikir 69.172 1.581.590
38%
Dominican Republic Santo Domingo 184.667 -699.500
38%
Bosnia and Herzegovina Sarajevo 438.667 184.167
38%
Singapore Singapore 13.000 1.038.000
38%
Albania Tirana 413.289 198.178
38%
Kenya Nairobi -12.833 368.167
37%
Yemen Sana'a 153.483 442.064
37%
Honduras Tegucigalpa 141.000 -872.167
37%
Oman Muscat 236.000 585.833
36%
Estonia Tallinn 594.372 247.453
36%
Burundi gitega -33.833 293.667
35%
Liberia Monrovia 63.133 -108.014
35%
India New Delhi 286.139 772.089
35%
Mauritania Nouakchott 181.000 -159.500
35%
Myanmar Naypyidaw 197.500 961.000
34%
Cyprus Nicosia 351.667 333.667
34%
Bhutan Thimphu 274.667 896.417
34%
Somalia Mogadishu 20.333 453.500
33%
Comoros Moroni -116.990 432.560
32%
Tonga Nukuʻalofa -211.333 -1.752.000
32%
Macedonia Skopje 420.000 214.333
32%
Bulgaria Sofia 427.000 233.300
32%
Chad N'Djamena 121.131 150.492
29%
Sri Lanka Sri Jayawardenapura Kotte 69.108 798.878
27%
Kiribati South Tarawa 14.333 1.730.000
25%
Palau Ngerulmud 75.006 1.346.240
24%
São Tomé and Príncipe São Tomé 0.3361 66.814
16%
No matching quizzes found
Score Distribution
Percent of People with Each Score
Percentile by Number Answered
Your Score History
You have not taken this quiz